Cestovné náhrady SZČO

Nevyhnutnostnou súčasťou podnikania sú pracovné cesty a s tým spojené cestovné náhrady. Cestovné náhrady sú daňovým výdavkom v prípade, že boli vynaložené v súvislosti s dosahovaním, zabezpečením a udržiavaním príjmov podľa § 6 ods. 1 a 2 zákona č. 595/2003 Z. z. o dani z príjmov v znení neskorších...

Descrizione completa

Salvato in:
Dettagli Bibliografici
Autore principale: Danajovičová, Katarína
Natura: Capitolo di libro
Lingua:slovacco
Soggetti:
Tags: Aggiungi Tag
Nessun Tag, puoi essere il primo ad aggiungerne!!

MARC

LEADER 00000naa a2200000 4500
001 0286563
005 20240417075209.0
041 0 |a slo 
044 |a SK 
245 1 0 |a Cestovné náhrady SZČO  |c Katarína Danajovičová 
520 |a Nevyhnutnostnou súčasťou podnikania sú pracovné cesty a s tým spojené cestovné náhrady. Cestovné náhrady sú daňovým výdavkom v prípade, že boli vynaložené v súvislosti s dosahovaním, zabezpečením a udržiavaním príjmov podľa § 6 ods. 1 a 2 zákona č. 595/2003 Z. z. o dani z príjmov v znení neskorších predpisov. 
610 2 0 |a náhrada cestovného 
610 2 0 |a osoby samostatne zárobkovo činné 
610 2 0 |a cesty pracovné 
610 2 0 |a výdavky 
610 2 0 |a výdavky daňové 
610 2 0 |a stravovanie zamestnancov 
610 2 0 |a vozidlá motorové 
100 1 |a Danajovičová, Katarína